Updated system takes flak (Record no. 77665)

MARC details
000 -LEADER
fixed length control field 01555cab a2200217 4500
001 - CONTROL NUMBER
control field ##L134825
008 - FIXED-LENGTH DATA ELEMENTS--GENERAL INFORMATION
fixed length control field 060904n2006 000 0 eng u
035 ## - SYSTEM CONTROL NUMBER
System control number (Sirsi) u134825
041 0# - LANGUAGE CODE
Language code of text/sound track or separate title eng
100 1# - MAIN ENTRY--PERSONAL NAME
Personal name Early, Catherine
245 00 - TITLE STATEMENT
Title Updated system takes flak
260 ## - PUBLICATION, DISTRIBUTION, ETC.
Date of publication, distribution, etc. 2006
490 #0 - SERIES STATEMENT
Series statement Planning (for the Natural and Built Environment)
Volume/sequential designation (1682) 18 August 2006, 8(1)
520 ## - SUMMARY, ETC.
Summary, etc. Reports on the stuttering start of the reformed plan-making system. The first two Local Development Frameworks produced by Lichfield DC and Stafford BC have been pronounced unsound by the inspectors and sent back for redrafting. Describes the key criticisms of the core strategies and the two authorities' reactions to the inspectors' assessment. The local authorities were critical of the inadequate government guidance on what a core strategy should consist of. It was felt that credibility of planning reform must not be damaged by a lack of effective collaboration and partnership between local authorities and government.
590 ## - LOCAL NOTE (RLIN)
Local note IKA050906
651 #4 - SUBJECT ADDED ENTRY--GEOGRAPHIC NAME
Geographic name England
Chronological subdivision 886-
690 ## - LOCAL SUBJECT ADDED ENTRY--TOPICAL TERM (OCLC, RLIN)
Topical term or geographic name as entry element ENVIRONMENTAL AND LAND CONSULTANCY-PLANNING AND DEVELOPMENT-PLANNING GUIDANCE-LOCAL DEVELOPMENT PLANS
856 40 - ELECTRONIC LOCATION AND ACCESS
Uniform Resource Identifier <a href="https://www.lichfielddc.gov.uk/site/scripts/documents_info.php?categoryID=374&documentID=731">https://www.lichfielddc.gov.uk/site/scripts/documents_info.php?categoryID=374&documentID=731</a>
Public note View the Inspector's report and Lichfield DC's response free of charge at www.lichfield.gov.uk...
856 40 - ELECTRONIC LOCATION AND ACCESS
Uniform Resource Identifier <a href="https://www.staffordbc.gov.uk/">https://www.staffordbc.gov.uk/</a>
Public note View the Inspector's report on Stafford BC's LDF free of charge at www.staffordbc.gov.uk...
942 ## - ADDED ENTRY ELEMENTS (KOHA)
Suppress in OPAC 0
Holdings
Withdrawn status Lost status Source of classification or shelving scheme Damaged status Not for loan Home library Current library Shelving location Date acquired Total Checkouts Full call number Barcode Date last seen Copy number Price effective from Koha item type
    Dewey Decimal Classification     London London Journal article 04/09/2006   L134825 134825-1001 06/08/2019 1 06/08/2019 Journal article